Statistieken voor Haïti... of de Dominicaanse Republiek?

Klik hier om de quiz te nemen!

Algemene statistieken

  • Deze quiz is 855 keer genomen
  • De gemiddelde score is 11 van 15

Antwoordstatistieken

VraagAntwoord% Correct
De hoofdstad is Santo DomingoDominicaanse Republiek
86%
Ligt verder naar het oostenDominicaanse Republiek
85%
Heeft een groter landoppervlakDominicaanse Republiek
82%
Meer dan 100,000 mensen kwamen in 2010 om bij een aardbevingHaïti
82%
Staat bekend om Voodoo of VodouHaïti
75%
Heeft een hoger BBP per capitaDominicaanse Republiek
74%
Staat bekend om zijn sigarenDominicaanse Republiek
72%
Was een kolonie van FrankrijkHaïti
70%
95% van de bevolking heeft een donkere huidskleurHaïti
68%
Honkbal is de populairste sportDominicaanse Republiek
66%
De eerste permanente Europese nederzetting in de Amerika's werd in dit land gestichtDominicaanse Republiek
66%
Modeontwerper Oscar de la Renta is er geborenDominicaanse Republiek
63%
Heeft twee officiële talenHaïti
62%
Werd het eerst onafhankelijkHaïti
61%
Werd geregeerd door de dictators "Papa Doc" en "Baby Doc"Haïti
57%

Scoreverdeling

Percentiel versus Aantal Correcte Antwoorden

Procent van Mensen met Elke Score

Uw Scoregeschiedenis

U heeft deze quiz nog niet genomen